000 00704nam a2200217Ia 4500
003 OSt
005 20250725122725.0
008 210210b1995 xxu||||| |||| 00| 0 eng d
040 _cAL
041 _aKannada
082 _ak894.2 LANL
100 _aLANKESH (P).
_9151920
_dಲಂಕೇಶ್ (ಪಿ)
245 _aLankeshara natakagalu
_bಲಂಕೇಶರ ನಾಟಕಗಳು
260 _aBengaluru
_bPatrike Prakashana
_c1995
300 _a71
650 _aTeregalu ತೆರೆಗಳು
_9151921
650 _ananna tangigondu gandu kodi ನನ್ನ ತಂಗಿಗೊಂದು ಗಂಡು ಕೊಡಿ
_9151922
690 _aKannada Drama
_9151923
906 _a054918
942 _2ddc
_cBK
999 _c102780
_d102780